Церемониал о святом крещении... (Запись № 5163422)

Подробности
000 -МАРКЕР
контрольное поле 00911nam1a22002531i 4500
001 - ИДЕНТИФИКАТОР ЗАПИСИ
контрольное поле v19\rc\2109597
005 - ИДЕНТИФИКАТОР ВЕРСИИ
контрольное поле 20240726003903.0
035 ## - ДРУГИЕ СИСТЕМНЫЕ НОМЕРА
Идентификатор записи (NLR Aleph) 005185694
100 ## - ДАННЫЕ ОБЩЕЙ ОБРАБОТКИ
Данные общей обработки 20090914g18181901|||y0rusy50 ca
101 0# - ЯЗЫК РЕСУРСА
Язык текста, звукозаписи и т.д. русский
-- французский
102 ## - СТРАНА ПУБЛИКАЦИИ ИЛИ ПРОИЗВОДСТВА
Страна публикации российская федерация
105 ## - ПОЛЕ КОДИРОВАННЫХ ДАННЫХ: ТЕКСТОВЫЕ МАТЕРИАЛЫ, МОНОГРАФИЧЕСКИЕ
Кодированные данные о монографическом текстовом документе y z |||||
200 1# - ЗАГЛАВИЕ И СВЕДЕНИЯ ОБ ОТВЕТСТВЕННОСТИ
Основное заглавие Церемониал о святом крещении...
210 ## - ПУБЛИКАЦИЯ, РАСПРОСТРАНЕНИЕ И ДР.
Место издания, распространения и т.д. [Санкт-Петербург
Дата издания, распространения и т.д. [1818]-[1901]
300 ## - ОБЩИЕ ПРИМЕЧАНИЯ
Текст примечания В части изд. загл. начинается словами: "Высочайше утвержденный..."
300 ## - ОБЩИЕ ПРИМЕЧАНИЯ
Текст примечания Изд. с 1874 г. печ. в тип. Тренке и Фюсно
309 ## - ПРИМЕЧАНИЯ ОБ ОСНОВНОМ ИСТОЧНИКЕ ИНФОРМАЦИИ И ОБ ОСОБЕННОСТЯХ ПОЛИГРАФИЧЕСКОГО ОФОРМЛЕНИЯ ИЗДАНИЯ
Текст примечания Без тит. л. и обл.
532 13 - РАСШИРЕННОЕ ЗАГЛАВИЕ
Заглавие Церемониал о святом крещении...
801 #0 - ИСТОЧНИК ЗАПИСИ
Страна российская федерация
Организация NLR
Правила каталогизации psbo
801 #1 - ИСТОЧНИК ЗАПИСИ
Страна российская федерация
Организация ProSoft-M
Источник данных rusmarc
852 ## - МЕСТОНАХОЖДЕНИЕ И ШИФР ХРАНЕНИЯ
Идентификатор организации NLR
Шифр хранения (Call Number) Шифры разные
942 ## - ДОПОЛНИТЕЛЬНЫЕ ЭЛЕМЕНТЫ ЗАПИСИ (АБИС)
Тип экземпляра АБИС Книга

Нет доступных экземпляров.